| 000 | 00595nam a22002057a 4500 | ||
|---|---|---|---|
| 005 | 20240312115445.0 | ||
| 008 | 240312b |||||||| |||| 00| 0 eng d | ||
| 020 | _a9788123923161 | ||
| 082 |
_a615 _bHAZ-T |
||
| 100 | _aHazarika.P | ||
| 245 |
_aTextbook of Ear, Nose, Throat and Head & neck Surgery Clinical and practical / _cP.Hazarika, D.R Nayak, R.Balakrishnan |
||
| 250 | _a3rd ed. | ||
| 260 |
_aIndia: _bCBS; _c2007. |
||
| 300 |
_axv ; 920p. : _bill; _c24 cm. |
||
| 500 | _ainclude index. | ||
| 650 | _aMedical / ENT | ||
| 700 | _aD.R Nayak | ||
| 700 | _aR.Balakrishnan | ||
| 999 |
_c35327 _d35327 |
||